<?xml version="1.0" encoding="UTF-8"?><?xml-stylesheet type="text/xsl" href="static/style.xsl"?><OAI-PMH xmlns="http://www.openarchives.org/OAI/2.0/" xmlns:xsi="http://www.w3.org/2001/XMLSchema-instance" xsi:schemaLocation="http://www.openarchives.org/OAI/2.0/ http://www.openarchives.org/OAI/2.0/OAI-PMH.xsd"><responseDate>2026-04-17T05:51:15Z</responseDate><request verb="GetRecord" identifier="oai:www.recercat.cat:10256/3220" metadataPrefix="marc">https://recercat.cat/oai/request</request><GetRecord><record><header><identifier>oai:recercat.cat:10256/3220</identifier><datestamp>2024-12-05T12:11:00Z</datestamp><setSpec>com_2072_452971</setSpec><setSpec>com_2072_2054</setSpec><setSpec>col_2072_452980</setSpec></header><metadata><record xmlns="http://www.loc.gov/MARC21/slim" xmlns:dcterms="http://purl.org/dc/terms/" xmlns:xsi="http://www.w3.org/2001/XMLSchema-instance" xmlns:doc="http://www.lyncode.com/xoai" xsi:schemaLocation="http://www.loc.gov/MARC21/slim http://www.loc.gov/standards/marcxml/schema/MARC21slim.xsd">
   <leader>00925njm 22002777a 4500</leader>
   <datafield ind2=" " ind1=" " tag="042">
      <subfield code="a">dc</subfield>
   </datafield>
   <datafield ind2=" " ind1=" " tag="720">
      <subfield code="a">Valsalobre, Pep</subfield>
      <subfield code="e">author</subfield>
   </datafield>
   <datafield ind2=" " ind1=" " tag="260">
      <subfield code="c">2008</subfield>
   </datafield>
   <datafield ind2=" " ind1=" " tag="520">
      <subfield code="a">Ressenya del llibre Obres didàctiques I. Exercici sobre la Mitologia. Compendi de la Filosofia Moral. Les aventures d’Aristònous. Es tracta d'un recull d'obres de l'autor antic Antoni Febrer i Cardona a càrrec de la filòloga clàssica Maria Paredes</subfield>
   </datafield>
   <datafield tag="653" ind2=" " ind1=" ">
      <subfield code="a">Febrer i Cardona, Antoni, 1761-1841. Obres --Crítica i interpretació -- Ressenyes de llibres</subfield>
   </datafield>
   <datafield tag="653" ind2=" " ind1=" ">
      <subfield code="a">Febrer i Cardona, Antoni, 1761-1841. Works -- Criticism and interpretation -- Book reviews</subfield>
   </datafield>
   <datafield tag="653" ind2=" " ind1=" ">
      <subfield code="a">Escriptors catalans -- Ressenyes de llibres</subfield>
   </datafield>
   <datafield tag="653" ind2=" " ind1=" ">
      <subfield code="a">Authors, Catalan -- Book reviews</subfield>
   </datafield>
   <datafield ind2="0" ind1="0" tag="245">
      <subfield code="a">[Ressenya] Febrer i Cardona, Antoni (2006): Obres didàctiques I. Exercici sobre la Mitologia. Compendi de la Filosofia Moral. Les aventures d'Aristònous [Obra completa d'Antoni Febrer i Cardona, XVI]. A cura de Maria Paredes. Barcelona: Institut Menorquí d'Estudis; Universitat de les Illes Balears. Departament de Filologia Catalana; Publicacions de l'Abadia de Montserrat, 318 p. (Biblioteca Marian Aguiló, 43)</subfield>
   </datafield>
</record></metadata></record></GetRecord></OAI-PMH>